00181nam a2200073Ia 4500008004100000100001700041245003400058999001500092170524s9999 xx 000 0 und d aLAL- JAWAHAR 0aDERIVATIONS & RISK MANAGEMENT c9641d9641